000 00517nam a2200181Ia 4500
999 _c28933
_d28933
003 OSt
005 20201203100002.0
008 190216s9999||||xx |||||||||||||| ||und||
020 _a9788182641686
040 _coclc
082 _a894.8123
_bHAR/T
100 _aHarikumar, E
_96510
245 0 _aThadakatheerathu /
_cE Harikumar
260 _bMathrubhumi Printing & Publishing,
_aKozhikode:
_c2005.
300 _a152p
650 _aNovel
942 _cBK
_2ddc
_h894.8123
_iHAR/T
_k894.8123
_mHAR/T